000 00260nam a2200085Ia 4500
245 0 _aThe eight essential business contracts
100 _a Buys, Reinhardt Northcliff, South Africa, 2007
_976671
942 _cBK
008 210817s9999 xx 000 0 und d
999 _c259399
_d259398